| 000 | 00455nam a2200157Ia 4500 | ||
|---|---|---|---|
| 999 |
_c40488 _d40488 |
||
| 003 | OSt | ||
| 005 | 20200320101851.0 | ||
| 008 | 190216s9999||||xx |||||||||||||| ||und|| | ||
| 040 | _coclc | ||
| 082 |
_a909 _bSRE/L |
||
| 100 |
_aSreedharan, E _92110 |
||
| 245 | 0 |
_aLokacharithram / _cE Sreedharan ; K P Devadas |
|
| 260 |
_bKerala Bhasha Institute, _c1984. _aThrissur: |
||
| 300 | _a434p | ||
| 942 |
_cBK _2ddc _h909 _iSRE/L _k909 _mSRE/L |
||